000 01020nam a2200313 i 4500
003 DO-SdBNP
005 20240626135221.0
007 ta
008 240626b1998 sp || 001 0 spa d
020 _a8448709217
040 _aDO-SdBNP
_bspa
_cBNPHU
_erda
082 4 _a950
_bL218
_222
100 1 _aCordero,harold
_eautor
_d1892-1962.
_985843
240 _aGenghis Khan /
245 1 0 _aGenghis Khan :
_bemperador de todos los hombres /
_cHarold Lamb ; traducción L. Aguirre Prado
264 _aBarcelona, España :
_bAltaya,
_c1998.
300 _a234 páginas :
_c21 cm.
336 _2rdacontent
_atexto
_btxt
337 _2rdamedia
_asin mediación
_bn
338 _2rdacarrier
_avolumen
_bnc
490 _aGrandes obras de historia
_v73
500 _aIncluye índice alfabético de materias.
504 _aBibliografía p: 225-231
590 _aInventariado, 2024/ YL
650 _aLos mongoles
_xHistoria.
_985844
700 _aAguirre Prado, L.
_etraductor
_985747
910 _aYLockward
942 _2ddc
_cLBS1
999 _c57020
_d57020